000 01119nam a22002417a 4500
003 NALT
005 20220404102825.0
008 s2554 th ||||| |||| 00| 0 tha d
020 _a9786167080307
040 _aNALT
050 _aDS 563.5
_bศ452ร 2554
100 0 _aศิริญญา สุจินตวงษ์
_925523
245 1 0 _a100 เรื่องล้ำสมัยในสยาม /
_cศิริญญา สุจินตวงษ์.
260 _aกรุงเทพฯ :
_bอมรินทร์,
_c2554.
300 _a215 หน้า :
_bภาพประกอบ ;
_c20 ซม.
651 4 _aไทย
_xความเป็นอยู่และประเพณี
_97234
651 4 _97237
_aไทย
_xรวมเรื่อง
651 4 _aไทย
_xประวัติศาสตร์
_xรวมเรื่อง
_95863
651 4 _aไทย
_xความเป็นอยู่และประเพณี
_97234
850 _aNALT
942 _cGB
_2lcc
998 _bปรียานุช คลอวุฒิวัฒน์
_bphon
_cphon
_j104
_k สายฝน ดีงาม
999 _c67400
_d67400